| 000 | 00332nam a22001457a 4500 | ||
|---|---|---|---|
| 003 | SGT | ||
| 020 | _a9788196069025 | ||
| 082 |
_a612 _bM25J |
||
| 100 | _aJain, A. K. | ||
| 245 | _aManual of Practical Physiology for BDS | ||
| 260 |
_aDelhi, India _bArya Pub. Co. _c2025 |
||
| 300 | _a214 | ||
| 650 | _aPhysiology | ||
| 942 |
_2ddc _cBK |
||
| 999 |
_c32807 _d32807 |
||